Capitals of North America Quiz - Statistics

General Stats
  • This quiz has been taken 29 times
  • The average score is 18 of 25
Answer Stats
Picture Hint Answer % Correct
Mexico Mexico City
100%
United States Washington, D.C.
100%
Canada Ottawa
95%
Jamaica Kingston
91%
Panama Panama City
91%
Guatemala Guatemala City
86%
Cuba Havana
86%
Bahamas Nassau
82%
Costa Rica San Jose
82%
El Salvador San Salvador
77%
Dominican Republic Santo Domingo
77%
Barbados Bridgetown
73%
Haiti Port-au-Prince
73%
Nicaragua Managua
68%
Trinidad and Tobago Port of Spain
68%
Dominica Roseau
64%
Puerto Rico San Juan
64%
Antigua and Barbuda St. Johns
64%
Honduras Tegucigalpa
64%
Belize Belmopan
59%
St. Lucia Castries
59%
St. Kitts and Nevis Basseterre
55%
Grenada St. George
55%
St. Vincent and Grenadines Kingstown
50%
Greenland Nuuk
41%
No matching quizzes found
Score Distribution
Percent of People with Each Score
Percentile by Number Answered
Your Score History
You have not taken this quiz